| 000 | 00541nam a22001697a 4500 | ||
|---|---|---|---|
| 003 | BD-DhUL | ||
| 005 | 20180809110204.0 | ||
| 008 | 180809s1977 ii ||||| |||| 00| 0 urd d | ||
| 040 |
_aBD-DhUL _cBD-DhUL |
||
| 082 |
_a891.431 _bHUU |
||
| 100 | 1 | _aحسین خں، یوسف | |
| 245 |
_aاردو غزلیات غالب = Urdu Ghazals of Ghalib / _cحسین خں یوسف _b |
||
| 260 |
_aنئدلی : _bغالب انسٹیٹیوٹ، _c۱۹۷۷۔ |
||
| 300 |
_aمختلف صفات ؛ _c۲۲ سم۔ |
||
| 650 | 4 | _aUrdu poetry | |
| 942 |
_2ddc _cBK |
||
| 999 |
_c243068 _d243068 |
||